Kipling Sahib: India and the making of Rudyar Kipling 1865-1900 (Record no. 226530)

MARC details
000 -LEADER
fixed length control field 00570nam a2200181Ia 4500
008 - FIXED-LENGTH DATA ELEMENTS--GENERAL INFORMATION
fixed length control field 191130s2008##################000#0#eng##
020 ## - INTERNATIONAL STANDARD BOOK NUMBER
ISBN 9780349116853
082 ## - DEWEY DECIMAL CLASSIFICATION NUMBER
Classification number 828.809 ALL
100 ## - MAIN ENTRY--AUTHOR NAME
Personal name Allen, Charles
245 ## - TITLE STATEMENT
Title Kipling Sahib: India and the making of Rudyar Kipling 1865-1900
Statement of responsibility, etc Charles Allen
260 ## - PUBLICATION, DISTRIBUTION, ETC. (IMPRINT)
Place of publication London
Name of publisher Abacus
Year of publication 2008
300 ## - PHYSICAL DESCRIPTION
Number of Pages XIX, 426 S. : ill., Kt. ; 20 cm
650 ## - SUBJECT ADDED ENTRY--TOPICAL TERM
Topical Term Kipling -- Rudyard -- 1865-1936 -- Childhood and youth
991 ## -
-- 278318
Holdings
Withdrawn status Lost status Damaged status Not for loan Home library Current library Date acquired Full call number Accession Number Price effective from Koha item type
        Anna Centenary Library Anna Centenary Library 13.10.2020 828.809 ALL 362024 13.10.2020 English Books

Find us on the map